Click the Extinct Animal - Statistics

General Stats
  • This quiz has been taken 117 times
  • The average score is 13 of 15
Answer Stats
Hint Answer % Correct
Dodo
96%
Passenger Pigeon
95%
Falkland Islands Wolf
94%
Steller's Sea Cow
94%
Stegosaurus
94%
Woolly Mammoth
93%
Tasmanian Tiger
91%
Pterodactylus
91%
Megalodon
91%
Trilobite
89%
Carolina Parakeet
78%
Cuban Macaw
76%
Hawaii Mamo
73%
Great Auk
71%
Quagga
69%
No matching quizzes found
Score Distribution
Percent of People with Each Score
Percentile by Number Answered
Your Score History
You have not taken this quiz